Представление документа в формате RUSMARC

ПолеНазваниеЗначение
  Тип записи a
  Библиографический уровень c
001 Контрольный номер RU/SLIB/B/208762752
005 Дата корректировки 20201206204224.8
010 Индекс ISBN __
d Цена 1-60
101 Язык документа __
a Язык текста rus
200 Заглавие и сведения об ответственности __
a Заглавие Спутники ; Сережа ; Сказание об Ольге...
f Первые сведения об ответственности В. Ф. Панова
b Общее обозначение материала Текст
210 Выходные данные __
a Место издания Л.
c Издательство Лениздат
d Дата издания 1978
215 Физическое описание __
a Объем 502 с.
327 Примечание о содержании __
a Примечание о содержании Сережа
327 Примечание о содержании __
a Примечание о содержании Сказание об Ольге
327 Примечание о содержании __
a Примечание о содержании Кто умирает
517 Другие варианты заглавия __
a Другие варианты заглавия Сережа
517 Другие варианты заглавия __
a Другие варианты заглавия Сказание об Ольге
517 Другие варианты заглавия __
a Другие варианты заглавия Кто умирает
606 Тематические рубрики __
a Основная рубрика Художественная литература
606 Тематические рубрики __
a Основная рубрика Русская литература XX в. (произведения)
610 Ключевые слова __
a Ключевые слова писатели; повести; проза
686 Индексы других классификаций __
a Классификационный индекс 84(2Рос=Рус)6-4; ст84(2Рос=Рус)6-4
700 Автор _1
a Фамилия Панова
b Имя В. Ф.
4 Код отношения 070
801 Источник записи _0
a Страна RU
b Организация Муниципальное бюджетное учреждение культуры "Централизованная библиотечная система" г. Сургут (Центральная городская библиотека им. А. С. Пушкина)
g Правила каталогизации КиК/Елгина
801 Источник записи _1
a Страна RU
b Организация Муниципальное бюджетное учреждение культуры "Централизованная библиотечная система" г. Сургут (Центральная городская библиотека им. А. С. Пушкина)
g Правила каталогизации КиК/Елгина
852 Данные о местонахождении __
j Шифр хранения 84(2Рос=Рус)6-4
i Авторский знак П 16
p Инвентарный номер 144703(с)
901 Тип документа __
t Тип документа x
969 Тип издания __
a Тип издания сборник
990 Данные о заказе (DOS) __
j Количество экземпляров (DOS) 1
t N записи в КСУ для И/У (DOS) ретро